| 000 | 00863nam a22002417a 4500 | ||
|---|---|---|---|
| 003 | OSt | ||
| 005 | 20230127145817.0 | ||
| 008 | 221006b |||||||| |||| 00| 0 eng d | ||
| 020 | _a978 958 48 0607 9 | ||
| 020 | _a978 958 48 0605 5 | ||
| 020 | _a978 958 48 0606 2 | ||
| 040 | _cBiblioteca Lado V | ||
| 082 |
_aC861.1 _bH887l |
||
| 100 |
_9694 _aHuertas Rendón, Breyner _ecompilador |
||
| 245 | _aUn Libro | Alex Rodriguez\ Un Posillo | Jose Olano\ Una Pina | Juan Sebastian Peláez/ | ||
| 260 |
_bLa Minuscula Ensayistica Ilustrada _c2016 _aColombia |
||
| 300 |
_c9x13cm _b3 libros |
||
| 650 |
_2Tesauro de Arte & Arquitectura _aPOESIA |
||
| 650 |
_2Tesauro de Arte & Arquitectura _aLITERATURA |
||
| 650 |
_2Tesauro de Arte & Arquitectura _aARTE ESCRITO |
||
| 700 |
_aEspinel, Monica _etextos |
||
| 942 |
_2ddc _c1 _hC861.1 _iH887l _n0 |
||
| 999 |
_c2980 _d2980 |
||